00682nam a2200181 a 4500001001000000003000400010005001700014007000300031008004100034040002500075082002800100110007000128245009300198260007400291300002000365651006300385700005200448000031566OSt20240229073937.0ta110627s1952 dr 000 0 spa d aDO-SdBNPbspacBNPHU 4a320.97293053bR426a2221 aRepública Dominicana.bPresidente (1942-1952 : Trujillo Molina)10aAddress to the National Assembly of the Dominican Republic /cRafael L. Trujillo Molina. aCiudad Trujillo, República Dominicana :bEditora del Caribe,c1952. a52 p. ;c22 cm. 4aRepública DominicanaxPolítica y gobiernoy(1930-1961)1 aTrujillo Molina, Rafael Leónidas,d 1891-1961